Quizzes
Events
Quiz Creation
Community
Videos
Private Events
Remove Ads
Sign In
Join for FREE
Feedback
Dark Mode
Quiz Categories
Sports
Geography
Music
Movies
Television
Just For Fun
Miscellaneous
History
Literature
Language
Science
Gaming
Entertainment
Religion
Holiday
For Kids
Quiz Lab
Recent
Popular Today
Quiz Kudos Today
Editor Picks
Curator Picks
Quizzes by...
Day
Popularity
Type
Ratings
Length
Year
Community
Subscriptions
Recent Discussions
Orange Saloon
Badges
Playlists
Quests
Create
Leaderboards
Showdown
Live 5
Trivia Bingo
Activity
Puzzle Library
Sporcle Events
Private Events
Virtual Trivia
Globe League
Become a Host
Pub Owners
SporcleCon
Opinionation
Our Games
Videos
Blog
Mobile Apps
Partnerships
Remove Ads and Go Orange
Feedback
Geography
Country
Landmarks
City
State
Population
World
Capital
Continent
Flags
Europe
Africa
Asia
South America
North America
Oceania
Border
Canada
United Kingdom
Topography
United States
Geography
Country
Landmarks
City
State
Population
World
Capital
Continent
Flags
Europe
Africa
Asia
South America
North America
Oceania
Border
Canada
United Kingdom
Topography
United States
Random Quiz
Search Sporcle
×
Quiz Lab
Quiz Lab
Geography
counties
Type in answers that appear in a list
Type in answers that appear in a list
Classic
Best Score? Go Orange.
Oxford-Cambridge line stations Stats
Can you name the Oxford-Cambridge line stations?
By
oi96
10m
39 Questions
60 Plays
60 Plays
60 Plays
Comments
Comments
Give Quiz Kudos
Give Quiz Kudos
-
- Ratings
hide this ad
Replay
Link that replays current quiz
Next Quiz
Link to next quiz in quiz playlist
You Got
0%
They Got
Avg Score
27%
Avg Friend Score
Upgrade to see
Score Distribution
Jump to the score distribution portion of the page
Score
0/39
Timer
10:00
0
Plays Today
County
Station
% Correct
Oxfordshire
Oxford
91.7%
Oxfordshire
Oxford Rewley Road
91.7%
Cambridgeshire
Cambridge
90%
Bedfordshire
Bedford St. John's
71.7%
Oxfordshire
Bicester Town
58.3%
Buckinghamshire
Bletchley
50%
Bedfordshire
Sandy
50%
Oxfordshire
Islip
36.7%
Bedfordshire
Potton
35%
Buckinghamshire
Verney Junction
26.7%
Buckinghamshire
Winslow
26.7%
Bedfordshire
Kempston Hardwick
26.7%
Bedfordshire
Kempston & Elstow Halt
26.7%
Buckinghamshire
Woburn Sands
25%
Cambridgeshire
Gamlingay
25%
Buckinghamshire
Fenny Stratford
23.3%
Buckinghamshire
Bow Brickhill
23.3%
Bedfordshire
Ridgmont
23.3%
Bedfordshire
Stewartby
21.7%
Bedfordshire
Millbrook (Bedfordshire)
20%
County
Station
% Correct
Bedfordshire
Aspley Guise
18.3%
Oxfordshire
Wolvercote Halt
16.7%
Oxfordshire
Launton
16.7%
Buckinghamshire
Claydon (Buckinghamshire)
16.7%
Oxfordshire
Wendlebury Halt
15%
Buckinghamshire
Swanbourne
15%
Bedfordshire
Lidlington
15%
Oxfordshire
Port Meadow Halt
13.3%
Oxfordshire
Charlton Halt (Oxfordshire)
13.3%
Buckinghamshire
Marsh Gibbon & Poundon
13.3%
Bedfordshire
Blunham
13.3%
Bedfordshire
Willington (Bedfordshire)
11.7%
Cambridgeshire
Lord's Bridge
11.7%
Oxfordshire
Oddington Halt
10%
Bedfordshire
Husborne Crawley Halt
8.3%
Cambridgeshire
Old North Road
8.3%
Oxfordshire
Oxford Road Halt
5%
Bedfordshire
Wootton Broadmead Halt
3.3%
Bedfordshire
Girtford Halt
3.3%
Quiz Playlist
Details
Report
Send in Message
Add To Playlist
Classic:
Type in answers that appear in a list
Last Updated: Feb 16, 2017
Quiz Scoreboard
CHALLENGE
Sign Up to Join the Scoreboard
Show All
Scores
Hide
Comments
May contain spoilers
Recently Published
9x9 Crossword: Cartoon Network
by jackfrog10
Miscellaneous
3m
College Basketball Coaching Resumes
by pancakes188
Sports
9m
Billboard Blitz: Fleetwood Mac
by CooCooCachoo
Music
15s
More to Explore
Quiz From the Vault
Featured Blog Post
Where Did the Easter Bunny Come From?
hide this ad
You Might Also Like...
Tags
Closed
counties
station
Today's Top Quizzes in Geography
Browse Geography
hide this ad
Today's Top Quizzes in counties
Browse counties
Top Contributed Quizzes in Geography
1
Countries of the World - No Outlines Minefield
2
Top 25 Cities of France on a map
3
Any capital of a 'B' country per Continent
4
Any capital of a 'C' country per Continent
5
Closest Countries to UK A-Z
6
Any capital of a 'D' country per Continent
7
5-to-1: US Geography No Hints
8
Any capital of an 'E' country per Continent
9
Any capital of an 'F' country per Continent
10
One Thing in Common: United Kingdom
Explore More
Trending Topics
NBA
Disney
Kpop
Marvel
Crossword
Harry Potter
Anime
Song
NFL
Puzzle
Pokémon
Country
WWE
The Office
Soccer
hide this ad
More By:
oi96
Quiz
Plays
Rating
Category
Featured
Created
Capitals of Central Asia
5,002
2.50
Geography
Dec 19, 2012
Railway stations in Cornwall
1,789
4.55
Geography
Mar 10, 2012
Railway Stations in Essex
1,302
4.40
Geography
Feb 19, 2012
Railway stations in Surrey
752
5.00
Geography
Feb 5, 2013
Stations on the East Coast Main Line (UK)
737
4.75
Geography
Feb 17, 2012
Go to Creator's Profile
Score Distribution
Quiz Creator Spotlight
oi96
Follow
Send a Message
Quizzes Created
-
Created Quiz Play Count
-
More By This Creator
Popular Quizzes Today
1
Find the US States - No Outlines Minefield
2
Find the Countries of Europe - No Outlines Minefield
3
The Countries of the World
4
Find the US States
5
Risky Map Clicking: Biggest States A-Z
6
US States
7
Popular People in 1961
8
Movies - When Are They Set?
More Geography Quizzes
Click the Pennsylvania Counties! (Map)
Quiz Lab
Trending Quizzes
Risky Map Clicking: Least Populous States A-Z
1-10 Letter G Words
1-10 Letter F Words
Risky Map Clicking: Next State Alphabetically
Adjectives in 80s TV Shows
Recently Updated
Leaping Animals
pecheneg
Reality TV Shows (A-Z)
bhenderson79
Rickey Henderson's Hall of Fame Teammates
pecheneg
Champions League XIs: Arsenal
pecheneg
Quick Pick: Celebrities in WWE's Hall of Fame
aduchscher
A-Z Keypad Blitz II
pecheneg
Multiple Oscar Actors
pecheneg
Mystery Phrase Blitz: Oscar 'Best Actors'
pecheneg
F. Scott Fitzgerald Novels
LTH
Pick 3 Villains
ddd62291
Trending Topics
Kpop
Harry Potter
NBA
Crossword
Marvel
Disney
Anime
The Office
Pokémon
Song
NFL
WWE
Puzzle
Soccer
Country
Your Account Isn't Verified!
In order to create a playlist on Sporcle, you need to verify the email address you used during registration. Go to your
Sporcle Settings
to finish the process.
Report this User
Report this user for behavior that violates our
Community Guidelines
.
Details:
Send Report
Go to the Sporcle.com Mobile Site →
Comments